Online
Catalog

El valor humano de la educación musical / (Record no. 23491)

MARC details
000 -CABECERA
campo de control de longitud fija 01141nam a2200301 a 4500
001 - NÚMERO DE CONTROL
campo de control 000023996
005 - FECHA Y HORA DE LA ÚLTIMA TRANSACCIÓN
campo de control 20200930022629.0
008 - DATOS DE LONGITUD FIJA--INFORMACIÓN GENERAL
campo de control de longitud fija 110118s2002 sp a 000 0 spa d
020 ## - NÚMERO INTERNACIONAL ESTÁNDAR DEL LIBRO
Número Internacional Estándar del Libro 8449312647
040 ## - FUENTE DE LA CATALOGACIÓN
Centro catalogador/agencia de origen DO-SdBNP
Lengua de catalogación spa
Centro/agencia transcriptor BNPHHU
041 17 - CÓDIGO DE LENGUA
Código de lengua del texto/banda sonora o título independiente spa
Código de lengua original eng
Fuente del código Código de idioma MARC
082 ## - NÚMERO DE LA CLASIFICACIÓN DECIMAL DEWEY
Número de clasificación NNN
Número de documento/Ítem W699v, 2002
049 ## - FONDOS LOCALES (OCLC)
Fondos de biblioteca BNGR
100 1# - ENTRADA PRINCIPAL--NOMBRE DE PERSONA
Nombre de persona Willems, Edgar
9 (RLIN) 49333
240 10 - TÍTULO UNIFORME
Título uniforme La valeur humaine de l'education musicale.
Lenguaje de la obra Español.
245 10 - MENCIÓN DE TÍTULO
Título El valor humano de la educación musical /
Mención de responsabilidad, etc. Willems Edgar ; traducción de María Teresa Brutocao y Nicolás Luis Fabiani ; traduccion del prefacio Elisabet Cabeza, Jaques Chapuis.
250 ## - MENCIÓN DE EDICIÓN
Mención de edición 3a ed
260 ## - PUBLICACIÓN, DISTRIBUCIÓN, ETC.
Lugar de publicación, distribución, etc. Barcelona, (España) :
Nombre del editor, distribuidor, etc. Paidós,
Fecha de publicación, distribución, etc. 2002.
300 ## - DESCRIPCIÓN FÍSICA
Extensión 230 p. :
Otras características físicas il. ;
Dimensiones 22 cm.
490 1# - MENCIÓN DE SERIE
Mención de serie Paidós educador
Designación de volumen o secuencia 166
504 ## - NOTA DE BIBLIOGRAFÍA, ETC.
Nota de bibliografía, etc. Incluye bibliografía (p. [221]-225)
534 ## - NOTA SOBRE LA VERSIÓN ORIGINAL
Encabezamiento principal del original Título original:
Mención de título del original La valeur humaine de l'education musicale.
700 1# - PUNTO DE ACCESO ADICIONAL--NOMBRE DE PERSONA
Nombre de persona Brutocao, María Teresa
Término indicativo de función/relación tr.
9 (RLIN) 49334
700 1# - PUNTO DE ACCESO ADICIONAL--NOMBRE DE PERSONA
Nombre de persona Fabiani, Nicolás Luis
9 (RLIN) 49335
700 1# - PUNTO DE ACCESO ADICIONAL--NOMBRE DE PERSONA
Nombre de persona Cabeza, Elizabet
9 (RLIN) 49336
700 1# - PUNTO DE ACCESO ADICIONAL--NOMBRE DE PERSONA
Nombre de persona Chapuis, Jaques
9 (RLIN) 49337
830 #0 - PUNTO DE ACCESO ADICIONAL DE SERIE-TÍTULO UNIFORME
Título uniforme Paidós educador
Designación de volumen o secuencia 166
9 (RLIN) 10999
Holdings
Estado de retiro Estado de pérdida Restricciones de uso No para préstamo Código de colección Localización permanente Ubicación/localización actual Ubicación en estantería Fecha de adquisición Número de inventario Total de préstamos Signatura topográfica completa Código de barras Fecha visto por última vez Precio válido a partir de Tipo de ítem Koha
        Monografías: Libros y Folletos General General En catalogación 18.01.2011 LF1   NNN W699v, 2002 23996-10 25.06.2020 25.06.2020 Préstamo en sala

Powered by Koha